00534nam a2200145 a 450000100100000000500170001000800410002704000250006811000520009324500350014526000500018030000360023095201050026699900170037100003944220201002031643.0130628s2001 dr ac 000 0 spa d aDO-SdBNPbspacBNPHU2 aInstituto par el Desarrollo del Noreeste96565010aINDENOR :bMemoria anual 2001. aMao, Valverde, República Dominicana,c2001. a132 p. :bil., retrs. ;c28 cm. 0010718PDaPDbPDcCTd2013-06-28iLF1l0o p39442-10r2020-06-25w2020-06-25yLFPDZNo se presta c38932d38932